000 00291nam a2200109 a 4500
005 20201002044906.0
008 140401s1970 000 spa d
100 _aZweig, Stephan
_971468
245 0 _aCarta de una desconocida.
260 _aMadrid -- Libra,
_c1970 -- 189 p.
999 _c43123
_d43123
040 _aDO-SdBNP